Viaje al gris /

Guardado en:
Autor Principal: Canzani, Ariel
Formato: Libro
Publicado: Buenos Aires : Ed.botella Al Mar, 1958
Materias:
Etiquetas: Agregar Etiqueta
Sin Etiquetas, Sea el primero en etiquetar este registro!
LEADER 00456nam a22001575a 4500
001 EHU.bham010421
003 AR-BHAM
005 20100216134735.0
008 130507s1958##################000#0#####d
082 A 8 |a 861.4 
100 1 |a Canzani, Ariel 
245 1 0 |a Viaje al gris /  |c Ariel Canzani 
260 |a Buenos Aires :  |b Ed.botella Al Mar,  |c 1958 
300 |a 57 p. 
653 |a Poesia argentina-1911- 
859 |a AR-BHAM  |b BIB. HUMANIDADES - General  |h A861.4  |i C169  |k A  |p 899.61  |t Ej.1